[Event "4NCL Division 1a"]
[Site "Daventry, ENG"]
[Date "2018.11.10"]
[Round "1.11"]
[White "Jones, Gawain C B"]
[Black "Sreeves, Clement"]
[Result "1-0"]
[WhiteElo "2683"]
[BlackElo "2358"]
[PlyCount "65"]
[EventDate "2018.11.10"]
[WhiteTeam "Guildford 1"]
[BlackTeam "Alba"]

1. Nf3 Nf6 2. d4 g6 3. Nbd2 Bg7 4. e4 d6 5. Bd3 O-O 6. O-O Nbd7 7. Re1 e5 8. c3
Re8 9. h3 b6 10. d5 Bb7 11. Bc2 Qe7 12. Nc4 Red8 13. Bg5 Nf8 14. Ne3 c6 15. Nh4
N8d7 16. dxc6 Bxc6 17. Nd5 Bxd5 18. exd5 h6 19. Be3 Nc5 20. Qf3 Qd7 21. Bxh6 e4
22. Qe3 Nxd5 23. Qd2 Bxh6 24. Qxd5 Qe7 25. Nxg6 Qg5 26. b4 e3 27. bxc5 exf2+
28. Kxf2 Qf6+ 29. Kg1 dxc5 30. Qh5 Rd2 31. Be4 Kg7 32. Bxa8 fxg6 33. Qe5 1-0

[Event "4NCL Division 1a"]
[Site "Daventry, ENG"]
[Date "2018.11.10"]
[Round "1.12"]
[White "Gourlay, Iain"]
[Black "Edouard, Romain"]
[Result "1/2-1/2"]
[WhiteElo "2358"]
[BlackElo "2636"]
[PlyCount "119"]
[EventDate "2018.11.10"]
[WhiteTeam "Alba"]
[BlackTeam "Guildford 1"]

1. c4 e5 2. g3 h5 3. Nf3 e4 4. Nh4 Be7 5. Nc3 Bxh4 6. gxh4 Qxh4 7. d4 Nf6 8.
Rg1 d6 9. Qd2 Bh3 10. Qg5 Qxg5 11. Bxg5 Bxf1 12. Bxf6 gxf6 13. Kxf1 Nc6 14. e3
f5 15. Nd5 Kd7 16. Rg7 Raf8 17. Ke2 Ne7 18. Rg5 b5 19. Nxe7 Kxe7 20. cxb5 Kf6
21. h4 Rb8 22. a4 a6 23. Rc1 axb5 24. a5 b4 25. Rxc7 Rhc8 26. Rxc8 Rxc8 27.
Rxh5 b3 28. a6 Ra8 29. Kd2 Rxa6 30. Kc3 Ra1 31. Rg5 Rh1 32. Rg2 Rxh4 33. Kxb3
f4 34. exf4 Kf5 35. Kc4 Kxf4 36. b4 Kf3 37. Rg5 Kxf2 38. Rf5+ Ke2 39. b5 e3 40.
b6 Kd2 41. Rxf7 e2 42. Re7 Rh7 43. Re8 Rh8 44. Re7 Rh7 45. Re8 Rh1 46. Kd5 Rb1
47. Kxd6 Rxb6+ 48. Kc7 Rb5 49. Kc6 Rb3 50. Rxe2+ Kxe2 51. d5 Rc3+ 52. Kb7 Rd3
53. Kc6 Ke3 54. d6 Ke4 55. d7 Ke5 56. Kc7 Rc3+ 57. Kb7 Rd3 58. Kc7 Ke6 59. d8=Q
Rxd8 60. Kxd8 1/2-1/2

[Event "4NCL Division 1a"]
[Site "Daventry, ENG"]
[Date "2018.11.10"]
[Round "1.13"]
[White "Pert, Nicholas"]
[Black "Berry, Neil"]
[Result "1-0"]
[WhiteElo "2542"]
[BlackElo "2274"]
[PlyCount "95"]
[EventDate "2018.11.10"]
[WhiteTeam "Guildford 1"]
[BlackTeam "Alba"]

1. d4 d5 2. c4 c6 3. Nc3 Nf6 4. e3 a6 5. Nf3 Bf5 6. Bd3 Bxd3 7. Qxd3 e6 8. O-O
Be7 9. e4 dxe4 10. Nxe4 Nbd7 11. Nc3 O-O 12. Bf4 Re8 13. Rad1 Nf8 14. Ne5 Ng6
15. Bg3 c5 16. Qf3 cxd4 17. Qxb7 Nxe5 18. Bxe5 d3 19. Qf3 Qa5 20. Rfe1 Nd7 21.
Bd4 Rac8 22. Qxd3 Bf6 23. Ne4 Bxd4 24. Qxd4 Red8 25. Qe3 Nf8 26. Nd6 Rb8 27.
Qa7 Qh5 28. b3 Ra8 29. Qb7 a5 30. h3 Rab8 31. Qa7 Ra8 32. Qe3 Ra6 33. c5 Rc6
34. Rc1 Nd7 35. Nb7 Ra8 36. Qd4 Qd5 37. Red1 Qxd4 38. Rxd4 Rc7 39. c6 Nf8 40.
Ra4 Ra6 41. Nxa5 f6 42. b4 Rb6 43. Rc5 e5 44. b5 Ne6 45. Nc4 Nxc5 46. Ra8+ Kf7
47. Nxb6 Ke6 48. a4 1-0

[Event "4NCL Division 1a"]
[Site "Daventry, ENG"]
[Date "2018.11.10"]
[Round "1.15"]
[White "Le Roux, Jean-Pierre"]
[Black "Morrison, Graham"]
[Result "1-0"]
[WhiteElo "2534"]
[BlackElo "2300"]
[PlyCount "119"]
[EventDate "2018.11.10"]
[WhiteTeam "Guildford 1"]
[BlackTeam "Alba"]

1. e4 c5 2. Nf3 e6 3. b3 a6 4. Bb2 Nc6 5. c4 Nf6 6. e5 Ng4 7. h3 Nh6 8. Bd3 Be7
9. O-O O-O 10. Nc3 d6 11. exd6 Qxd6 12. Be4 Bd7 13. Re1 f5 14. Bxc6 Bxc6 15.
Qe2 Bf6 16. Qxe6+ Qxe6 17. Rxe6 Bxf3 18. gxf3 Rad8 19. Rd1 Rd3 20. Na4 Bxb2 21.
Nxb2 Rd4 22. Na4 Nf7 23. Kg2 Ng5 24. Rb6 Rc8 25. Rxb7 Rc6 26. Rb6 Rxb6 27. Nxb6
Rd3 28. Nd5 Nxf3 29. Ne7+ Kf7 30. Nxf5 g6 31. Nd6+ Rxd6 32. Kxf3 Rd3+ 33. Ke4
Rxh3 34. Kd5 Rh5+ 35. Kc6 Rf5 36. Kb6 g5 37. Kxa6 Rxf2 38. Kb5 g4 39. Rg1 h5
40. a4 Rxd2 41. Kxc5 Rd3 42. Rh1 Kg6 43. b4 g3 44. a5 Kg5 45. a6 h4 46. b5 g2
47. Rg1 h3 48. a7 Ra3 49. b6 Kf5 50. b7 h2 51. Rxg2 h1=Q 52. a8=Q Qxg2 53. Qc8+
Kf6 54. Qf8+ Ke6 55. Qd6+ Kf7 56. Qf4+ Ke6 57. b8=Q Ra5+ 58. Kb4 Qb7+ 59. Qxb7
Rb5+ 60. Kc3 1-0

[Event "4NCL Division 1a"]
[Site "Daventry, ENG"]
[Date "2018.11.10"]
[Round "1.16"]
[White "Burnett, Andrew"]
[Black "Demuth, Adrien"]
[Result "0-1"]
[WhiteElo "2150"]
[BlackElo "2519"]
[PlyCount "80"]
[EventDate "2018.11.10"]
[WhiteTeam "Alba"]
[BlackTeam "Guildford 1"]

1. d4 Nf6 2. Nf3 d5 3. Bf4 c5 4. e3 Nc6 5. Nbd2 e6 6. c3 cxd4 7. exd4 Nh5 8.
Be3 Bd6 9. Bd3 Nf4 10. Bxf4 Bxf4 11. O-O O-O 12. g3 Bh6 13. Qc2 g6 14. Rae1 Qc7
15. Kg2 f6 16. Bb5 Bd7 17. Bxc6 Qxc6 18. Nh4 g5 19. Nhf3 Rae8 20. h4 g4 21. Nh2
e5 22. Nb3 e4 23. Nc5 Bc8 24. c4 b6 25. cxd5 Qxd5 26. Qb3 Qxb3 27. Nxb3 f5 28.
Rd1 Bb7 29. Rfe1 Bd5 30. Kg1 Rc8 31. Nf1 Rc2 32. Rb1 Bxb3 33. axb3 Rfc8 34. Ne3
Bxe3 35. fxe3 Kf7 36. b4 Ke6 37. b5 Rd2 38. Red1 Re2 39. Re1 Rcc2 40. Rxe2 Rxe2
0-1

[Event "4NCL Division 1a"]
[Site "Daventry, ENG"]
[Date "2018.11.10"]
[Round "1.17"]
[White "Paehtz, Elisabeth"]
[Black "White, Stuart A"]
[Result "1-0"]
[WhiteElo "2495"]
[BlackElo "2113"]
[PlyCount "60"]
[EventDate "2018.11.10"]
[WhiteTeam "Guildford 1"]
[BlackTeam "Alba"]

1. e4 e6 2. Qe2 c5 3. Nf3 Nc6 4. c3 d5 5. exd5 Qxd5 6. Na3 Bd6 7. Nc4 Bc7 8. g3
Nge7 9. Bg2 Qh5 10. d3 O-O 11. a4 Rd8 12. Be3 Nd5 13. O-O b6 14. Rfe1 Bb7 15.
Rad1 Rac8 16. Bc1 Ba8 17. h3 h6 18. Qf1 Qg6 19. Qe2 Qf6 20. Nh2 Qe7 21. f4 Qd7
22. Nf3 Re8 23. Nfe5 Nxe5 24. fxe5 Qxa4 25. Rf1 Re7 26. Qg4 Kf8 27. Be4 Ke8 28.
Bxd5 Bxd5 29. Nd6+ Bxd6 30. Qxa4+ Bc6 1-0

[Event "4NCL Division 1a"]
[Site "Daventry, ENG"]
[Date "2018.11.10"]
[Round "1.18"]
[White "Cooke, Suzie G"]
[Black "Hebden, Mark L"]
[Result "0-1"]
[WhiteElo "1940"]
[BlackElo "2425"]
[PlyCount "114"]
[EventDate "2018.11.10"]
[WhiteTeam "Alba"]
[BlackTeam "Guildford 1"]

1. d4 Nf6 2. Bf4 g6 3. Nf3 Bg7 4. Nbd2 O-O 5. e4 d5 6. e5 Ne4 7. Bd3 Nxd2 8.
Qxd2 Bg4 9. Be2 c5 10. c3 cxd4 11. cxd4 Nc6 12. O-O Qb6 13. Rfd1 Rac8 14. Rac1
e6 15. h3 Bxf3 16. Bxf3 Rc7 17. Rc3 Rfc8 18. Be3 Bf8 19. a3 Na5 20. Rxc7 Rxc7
21. Be2 Nc4 22. Bxc4 Rxc4 23. Rc1 Qb5 24. Rc3 a5 25. a4 Qb4 26. Qc2 b5 27. axb5
Qxb5 28. b3 Rxc3 29. Qxc3 h5 30. Qc8 Qxb3 31. Bh6 Qb4 32. Qa8 h4 33. Bxf8 Qxf8
34. Qxa5 Qb8 35. Kh2 f6 36. f4 g5 37. Qc5 Kf7 38. Qc1 Qb3 39. Qc7+ Kg6 40. exf6
Qg3+ 41. Kh1 Kxf6 42. fxg5+ Qxg5 43. Kh2 Kg6 44. Qb8 Kg7 45. Qd6 Qf6 46. Qc5
Qf4+ 47. Kh1 Kg6 48. Qb6 Qc1+ 49. Kh2 Kf5 50. Qa7 Qf4+ 51. Kh1 Ke4 52. Qg7 Ke3
53. Qg6 Qf1+ 54. Kh2 Qf5 55. Qg7 Qf4+ 56. Kh1 Kf2 57. Qh8 Qc1+ 0-1

[Event "4NCL Division 1a"]
[Site "Daventry, ENG"]
[Date "2018.11.10"]
[Round "1.21"]
[White "Rudd, Jack"]
[Black "Turner, Matthew J"]
[Result "1/2-1/2"]
[WhiteElo "2234"]
[BlackElo "2536"]
[PlyCount "52"]
[EventDate "2018.11.10"]
[WhiteTeam "West is Best 1"]
[BlackTeam "Barbican 4NCL 1"]

1. e4 e5 2. Nf3 Nc6 3. Bb5 a6 4. Ba4 Nf6 5. O-O Be7 6. Re1 b5 7. Bb3 d6 8. c3
O-O 9. h3 Nb8 10. d4 Nbd7 11. Nbd2 Bb7 12. Bc2 Re8 13. Nf1 Bf8 14. Ng3 g6 15.
Bg5 h6 16. Bd2 Bg7 17. Qc1 Kh7 18. h4 d5 19. exd5 Bxd5 20. dxe5 Ng4 21. h5 Bxf3
22. hxg6+ fxg6 23. gxf3 Ngxe5 24. Kg2 Nc5 25. Rh1 Ncd3 26. Bxh6 Nxc1 1/2-1/2

[Event "4NCL Division 1a"]
[Site "Daventry, ENG"]
[Date "2018.11.10"]
[Round "1.22"]
[White "Collins, Sam E"]
[Black "Cooper, John G"]
[Result "1-0"]
[WhiteElo "2417"]
[BlackElo "2290"]
[PlyCount "65"]
[EventDate "2018.11.10"]
[WhiteTeam "Barbican 4NCL 1"]
[BlackTeam "West is Best 1"]

1. e4 d6 2. d4 g6 3. Nf3 Nf6 4. Nc3 Bg7 5. Be2 O-O 6. O-O c6 7. a4 Qc7 8. a5
Nbd7 9. h3 e5 10. dxe5 dxe5 11. Be3 Rd8 12. Qb1 Nf8 13. Rd1 Rxd1+ 14. Qxd1 Be6
15. Qc1 Nh5 16. Bf1 Bd7 17. Na4 Ne6 18. Nc5 Nd4 19. Bxd4 exd4 20. Nxd7 Qxd7 21.
Bc4 Qe7 22. Qd2 Be5 23. Re1 Kg7 24. g3 Rd8 25. Kg2 Bc7 26. Ba2 Qc5 27. b4 Qc3
28. Qxc3 dxc3 29. e5 c5 30. a6 b6 31. b5 Kf8 32. Ng5 Rd2 33. e6 1-0

[Event "4NCL Division 1a"]
[Site "Daventry, ENG"]
[Date "2018.11.10"]
[Round "1.23"]
[White "Toma, Katarzyna"]
[Black "Sowray, Peter J"]
[Result "1/2-1/2"]
[WhiteElo "2164"]
[BlackElo "2353"]
[PlyCount "135"]
[EventDate "2018.11.10"]
[WhiteTeam "West is Best 1"]
[BlackTeam "Barbican 4NCL 1"]

1. e4 e5 2. Nf3 Nc6 3. Bb5 a6 4. Ba4 Nf6 5. Qe2 Be7 6. c3 b5 7. Bb3 d5 8. d3
O-O 9. O-O Be6 10. Rd1 Re8 11. Bg5 h6 12. Bh4 Nh5 13. Bxe7 Qxe7 14. g3 Nf6 15.
Nbd2 Rad8 16. Nf1 Bh3 17. Ne3 d4 18. Nd5 Nxd5 19. Bxd5 Qf6 20. Bxc6 Qxc6 21.
cxd4 exd4 22. Rdc1 Qd7 23. Qc2 Qg4 24. Ne1 c5 25. Qxc5 Qe2 26. Ng2 Bxg2 27.
Kxg2 Qxd3 28. Re1 Qd2 29. Qc1 Qb4 30. a3 Qb3 31. Qd2 Re6 32. Rac1 Red6 33. Rc5
d3 34. Re3 Qe6 35. f3 Qd7 36. Re1 Rc6 37. Rec1 Rxc5 38. Rxc5 Qd4 39. Rc1 a5 40.
Rd1 b4 41. axb4 axb4 42. Qf2 Qc4 43. Qe3 Qc2+ 44. Rd2 Qc1 45. g4 b3 46. Kg3 Qc4
47. h4 Rd4 48. h5 Qc7+ 49. Qf4 Qd8 50. Qe3 Qd6+ 51. Qf4 Qb4 52. Qe3 Qc4 53. Qf4
Rd8 54. Qe3 Rd7 55. Qf4 Qb4 56. Qe3 Qd6+ 57. Qf4 Qb6 58. Kg2 Rd8 59. Qe5 Qe3
60. Qc3 Kh7 61. Kg3 Qg1+ 62. Kf4 Rd6 63. Rxd3 Rxd3 64. Qxd3 Qc1+ 65. Kg3 Qg1+
66. Kh3 Qh1+ 67. Kg3 Qg1+ 68. Kh3 1/2-1/2

[Event "4NCL Division 1a"]
[Site "Daventry, ENG"]
[Date "2018.11.10"]
[Round "1.27"]
[White "Zeidler, Sven P"]
[Black "Taylor, Martin R"]
[Result "1/2-1/2"]
[WhiteElo "2179"]
[BlackElo "2337"]
[PlyCount "92"]
[EventDate "2018.11.10"]
[WhiteTeam "West is Best 1"]
[BlackTeam "Barbican 4NCL 1"]

1. e4 Nf6 2. Nc3 e5 3. Nf3 Nc6 4. Be2 d5 5. exd5 Nxd5 6. O-O Nxc3 7. bxc3 e4 8.
Nd4 Nxd4 9. cxd4 Qxd4 10. c3 Qd5 11. d4 Be7 12. f3 O-O 13. fxe4 Qxe4 14. Bf3
Qg6 15. Bf4 Bd6 16. Bxd6 Qxd6 17. Rb1 c6 18. a4 Rb8 19. Qb3 Be6 20. Qb4 Rfd8
21. Qa5 Bd5 22. Qxa7 Ra8 23. Qb6 Rxa4 24. Qxb7 h6 25. Bxd5 Qxd5 26. Qb3 Ra7 27.
Rfe1 Rc7 28. Re5 Qxb3 29. Rxb3 Rd5 30. Rxd5 cxd5 31. Kf2 f6 32. Ke3 Kf7 33. Kd3
h5 34. Rb8 g6 35. Rh8 Ke6 36. g3 Ra7 37. Rg8 Kf5 38. Rd8 Ke6 39. Rg8 Kf5 40.
Rd8 Ke6 41. Re8+ Kf5 42. Re2 Ra6 43. h3 Ra1 44. Rf2+ Ke6 45. Re2+ Kf5 46. Rf2+
Ke6 1/2-1/2

[Event "4NCL Division 1a"]
[Site "Daventry, ENG"]
[Date "2018.11.10"]
[Round "1.28"]
[White "Lauterbach, Ingrid"]
[Black "Redmond, John P"]
[Result "0-1"]
[WhiteElo "2027"]
[BlackElo "2175"]
[PlyCount "136"]
[EventDate "2018.11.10"]
[WhiteTeam "Barbican 4NCL 1"]
[BlackTeam "West is Best 1"]

1. Nf3 Nf6 2. g3 c5 3. Bg2 Nc6 4. c4 d5 5. cxd5 Nxd5 6. O-O e5 7. d3 Be7 8. Nc3
Nc7 9. b3 O-O 10. Bb2 Re8 11. Rc1 Bf8 12. Na4 b6 13. a3 Bd7 14. Nd2 Rc8 15. b4
Nd4 16. Bxd4 cxd4 17. f4 exf4 18. Rxf4 Ne6 19. Rxc8 Qxc8 20. Rf2 b5 21. Nc5
Nxc5 22. bxc5 Qxc5 23. Ne4 Qe5 24. Qa1 Be6 25. e3 Rd8 26. Rf4 Kh8 27. Kh1 Be7
28. Qb2 a6 29. h4 f6 30. exd4 Qxd4 31. Nc3 Qd7 32. d4 Bd6 33. Rf3 Bh3 34. Ne4
Bf8 35. Rd3 Bxg2+ 36. Qxg2 Qd5 37. Nf2 Kg8 38. Qxd5+ Rxd5 39. Ne4 b4 40. axb4
Bxb4 41. Kg2 a5 42. Kf3 Kf7 43. Nd2 Bxd2 44. Rxd2 a4 45. Ke4 Ra5 46. d5 a3 47.
Ra2 Ke7 48. Kd4 Kd6 49. Kc4 h5 50. Kb4 Ra8 51. Kc4 Ra7 52. Kb3 Kxd5 53. Rd2+
Ke4 54. Ka2 Kf3 55. Rd3+ Kg4 56. Rc3 g5 57. hxg5 fxg5 58. Rd3 h4 59. gxh4 Kxh4
60. Rd8 g4 61. Rh8+ Kg3 62. Rg8 Kf3 63. Rg6 g3 64. Rf6+ Kg2 65. Rc6 Kg1 66. Rg6
g2 67. Rc6 Rg7 68. Kxa3 Kf2 0-1

[Event "4NCL Division 1a"]
[Site "Daventry, ENG"]
[Date "2018.11.10"]
[Round "1.31"]
[White "Speelman, Jon S"]
[Black "Stork, Oliver"]
[Result "1-0"]
[WhiteElo "2508"]
[BlackElo "2197"]
[PlyCount "49"]
[EventDate "2018.11.10"]
[WhiteTeam "Wood Green"]
[BlackTeam "Oxford 1"]

1. Nf3 Nf6 2. c4 e6 3. g3 d5 4. Bg2 Be7 5. O-O O-O 6. d4 c6 7. Qc2 b6 8. b3 Bb7
9. Bb2 Nbd7 10. Nc3 Rc8 11. e4 c5 12. exd5 exd5 13. Rfd1 Qc7 14. cxd5 Nxd5 15.
Nxd5 Bxd5 16. dxc5 Bxf3 17. Bxf3 Nxc5 18. Qf5 g6 19. Qg4 Rfd8 20. Bd5 Nd7 21.
Rac1 Qb8 22. Rxc8 Qxc8 23. Qf3 Rf8 24. Bc4 b5 25. Rxd7 1-0

[Event "4NCL Division 1a"]
[Site "Daventry, ENG"]
[Date "2018.11.10"]
[Round "1.33"]
[White "Haria, Ravi"]
[Black "Manley, Jon P"]
[Result "0-1"]
[WhiteElo "2436"]
[BlackElo "2149"]
[PlyCount "72"]
[EventDate "2018.11.10"]
[WhiteTeam "Wood Green"]
[BlackTeam "Oxford 1"]

1. Nf3 d5 2. g3 Nf6 3. Bg2 c6 4. c4 g6 5. b3 Bg7 6. Bb2 O-O 7. O-O Bg4 8. d3
Nbd7 9. Nbd2 Re8 10. Qc2 e5 11. cxd5 cxd5 12. Rac1 Qb6 13. e3 a5 14. h3 Bxf3
15. Nxf3 a4 16. bxa4 Qa6 17. a3 Bf8 18. d4 e4 19. Ne5 Bd6 20. f4 Qxa4 21. Qf2
Ra6 22. g4 Rb6 23. Rc2 Rb3 24. f5 g5 25. Nxd7 Qxd7 26. Rfc1 Kg7 27. Bf1 Rh8 28.
Rc3 Rxc3 29. Rxc3 h5 30. gxh5 Rxh5 31. Rc5 g4 32. Qg2 Rxh3 33. Rxd5 Rh2 34. Qg3
Bxg3 35. Rxd7 Nxd7 36. Bg2 Kf6 0-1

[Event "4NCL Division 1a"]
[Site "Daventry, ENG"]
[Date "2018.11.10"]
[Round "1.35"]
[White "Valdes Escobar, Alvaro"]
[Black "Tyomkyn, Mikhail"]
[Result "1-0"]
[WhiteElo "2346"]
[BlackElo "2115"]
[PlyCount "83"]
[EventDate "2018.11.10"]
[WhiteTeam "Wood Green"]
[BlackTeam "Oxford 1"]

1. Nf3 Nf6 2. c4 c5 3. Nc3 g6 4. d4 cxd4 5. Nxd4 Bg7 6. e4 Nc6 7. Be3 Ng4 8.
Qxg4 Nxd4 9. Qd1 Ne6 10. Qd2 d6 11. Be2 O-O 12. O-O Nc5 13. f3 a5 14. Rfd1 Be6
15. Rab1 Qb6 16. Nb5 Rfc8 17. b3 Bd7 18. Nd4 Qd8 19. Rbc1 Ne6 20. Nb5 Bxb5 21.
cxb5 Rxc1 22. Rxc1 Nc5 23. Bc4 b6 24. Rd1 Qf8 25. Qd5 Rc8 26. f4 Rc7 27. h3 e6
28. Qxd6 Rd7 29. Qxf8+ Bxf8 30. Rxd7 Nxd7 31. Kf1 Bc5 32. Bd2 Kf8 33. Ke2 Ke7
34. e5 Ba3 35. Bd3 h5 36. Be4 Nc5 37. Bc6 Kd8 38. Be1 Nd7 39. Bf2 Bc5 40. Bxd7
Kxd7 41. Bxc5 bxc5 42. Kd3 1-0

[Event "4NCL Division 1a"]
[Site "Daventry, ENG"]
[Date "2018.11.10"]
[Round "1.36"]
[White "Duggan, Christopher"]
[Black "Cooper, Lawrence H"]
[Result "0-1"]
[WhiteElo "2022"]
[BlackElo "2335"]
[PlyCount "134"]
[EventDate "2018.11.10"]
[WhiteTeam "Oxford 1"]
[BlackTeam "Wood Green"]

1. e4 e5 2. Nf3 Nc6 3. Bb5 a6 4. Ba4 Nf6 5. d3 b5 6. Bb3 Be7 7. c3 d6 8. Nbd2
Na5 9. Bc2 c5 10. O-O O-O 11. a4 Be6 12. d4 Qc7 13. d5 Bd7 14. Ne1 c4 15. h3 g6
16. g4 Ne8 17. Kh2 Ng7 18. Rg1 Nb7 19. Qf3 Nc5 20. axb5 axb5 21. Rxa8 Rxa8 22.
Qg3 Bg5 23. Ng2 Ra1 24. f4 exf4 25. Nxf4 Bf6 26. Nf3 Ne8 27. Ne2 b4 28. Be3 Ra2
29. cxb4 Na6 30. Bd4 Nxb4 31. Rc1 Bxd4 32. Nfxd4 Nxc2 33. Rxc2 Qb6 34. Qc3 Ba4
35. Qxc4 Bxc2 36. Qxa2 Bxe4 37. Qa4 Kf8 38. Ne6+ fxe6 39. Qxe4 e5 40. Qf3+ Ke7
41. b3 Qc5 42. g5 Qc2 43. Kg3 Qd2 44. h4 Qe1+ 45. Kh3 Qd1 46. Kg3 Nc7 47. Qf6+
Kd7 48. Qf7+ Kc8 49. Kf2 Nxd5 50. Qg8+ Kc7 51. Qxh7+ Kc6 52. Qxg6 Qxe2+ 53.
Kxe2 Nf4+ 54. Kf3 Nxg6 55. h5 Ne7 56. h6 Kd5 57. Kg4 Ke6 58. b4 d5 59. b5 d4
60. h7 Ng6 61. b6 d3 62. Kf3 Kd6 63. Ke4 d2 64. Kf5 Nh8 65. b7 Kc7 66. g6 d1=Q
67. g7 Qh5+ 0-1

[Event "4NCL Division 1a"]
[Site "Daventry, ENG"]
[Date "2018.11.10"]
[Round "1.37"]
[White "Littlewood, Paul E"]
[Black "Pozimski, Szymon"]
[Result "1-0"]
[WhiteElo "2343"]
[BlackElo "1999"]
[PlyCount "95"]
[EventDate "2018.11.10"]
[WhiteTeam "Wood Green"]
[BlackTeam "Oxford 1"]

1. d4 Nf6 2. c4 e6 3. Nc3 d5 4. cxd5 Nxd5 5. Nf3 c5 6. e3 Be7 7. Bd3 Nc6 8. O-O
Nf6 9. a3 O-O 10. dxc5 Bxc5 11. b4 Bd6 12. Bb2 e5 13. Ne4 Nxe4 14. Bxe4 Qe7 15.
Qc2 Bg4 16. b5 Nd8 17. Bxh7+ Kh8 18. Bf5 Bxf3 19. gxf3 g6 20. Bh3 Qh4 21. Bg2
Ne6 22. f4 Rac8 23. Qe4 Kh7 24. fxe5 Qxe4 25. Bxe4 Bb8 26. Rac1 Nc5 27. Bb1
Rfe8 28. f4 b6 29. Rc4 f6 30. exf6 Rxe3 31. f7 Rb3 32. Bf6 Rf8 33. f5 Rxb1 34.
Rxb1 g5 35. Be7 Rxf7 36. Bxc5 bxc5 37. Rxc5 Bc7 38. Kg2 Bd6 39. Rd5 Bxa3 40.
Ra1 Bb2 41. Ra6 Bc1 42. Rad6 Kg7 43. Rd7 Be3 44. Kf3 Bg1 45. h3 Kf6 46. Rxf7+
Kxf7 47. Kg4 Be3 48. Rd6 1-0

[Event "4NCL Division 1a"]
[Site "Daventry, ENG"]
[Date "2018.11.10"]
[Round "1.41"]
[White "Mueller, Constantin"]
[Black "Alsina Leal, Daniel"]
[Result "1/2-1/2"]
[WhiteElo "2276"]
[BlackElo "2472"]
[PlyCount "112"]
[EventDate "2018.11.10"]
[WhiteTeam "North East England"]
[BlackTeam "White Rose 1"]

1. d4 Nf6 2. c4 g6 3. Nc3 d5 4. cxd5 Nxd5 5. e4 Nxc3 6. bxc3 Bg7 7. Nf3 c5 8.
Be3 Qa5 9. Nd2 Nd7 10. Qc2 O-O 11. Be2 f5 12. exf5 gxf5 13. Nf3 cxd4 14. Bxd4
e5 15. Be3 e4 16. Nd4 f4 17. Bd2 Nc5 18. O-O Kh8 19. Bc4 Bd7 20. Bd5 Ba4 21.
Nb3 Nxb3 22. axb3 Qxd5 23. Rxa4 Rae8 24. c4 Qd7 25. Ra5 h6 26. Rd5 Qf7 27. Bc3
f3 28. g4 e3 29. fxe3 Rxe3 30. Bxg7+ Qxg7 31. h3 Qc7 32. Qf2 Kg8 33. Qh2 Qxh2+
34. Kxh2 Rxb3 35. Rf2 Rc8 36. c5 Rb5 37. Rxf3 Rbxc5 38. Rd6 R5c6 39. Rd7 R8c7
40. Rd8+ Kg7 41. Rff8 Rc2+ 42. Kg3 R7c3+ 43. Kh4 Rh2 44. Rg8+ Kf6 45. Rgf8+ Ke5
46. Rfe8+ Kf4 47. Rf8+ Ke4 48. Rde8+ Kd5 49. Rd8+ Kc4 50. Rc8+ Kb3 51. Rxc3+
Kxc3 52. Rc8+ Kd4 53. Rb8 Rb2 54. Kh5 a5 55. Kxh6 Rh2 56. Rxb7 Rxh3+ 1/2-1/2

[Event "4NCL Division 1a"]
[Site "Daventry, ENG"]
[Date "2018.11.10"]
[Round "1.42"]
[White "Palliser, Richard J D"]
[Black "Oyama, Akito"]
[Result "1/2-1/2"]
[WhiteElo "2414"]
[BlackElo "2201"]
[PlyCount "75"]
[EventDate "2018.11.10"]
[WhiteTeam "White Rose 1"]
[BlackTeam "North East England"]

1. d4 e6 2. c4 f5 3. g3 Nf6 4. Bg2 Bb4+ 5. Nd2 O-O 6. Ngf3 d6 7. O-O Bxd2 8.
Qxd2 Qe7 9. b4 Bd7 10. Bb2 Ne4 11. Qc2 Nc6 12. a3 d5 13. Rad1 Be8 14. Ne1 Nd8
15. cxd5 exd5 16. Nd3 Bb5 17. Rfe1 Nf7 18. a4 Be8 19. Qb3 c6 20. b5 Nfd6 21.
bxc6 Nc4 22. cxb7 Rb8 23. Nc5 Bc6 24. Ba3 Nxa3 25. Qxa3 Rxb7 26. Qe3 Rc7 27.
Rc1 Qd6 28. Qf4 Qxf4 29. gxf4 Rfc8 30. Nxe4 dxe4 31. Rc5 Bd7 32. Ra5 Rc4 33.
Rxa7 Bxa4 34. d5 Rd8 35. e3 Rxd5 36. Bf1 Rb4 37. Rc1 Rd7 38. Rxa4 1/2-1/2

[Event "4NCL Division 1a"]
[Site "Daventry, ENG"]
[Date "2018.11.10"]
[Round "1.43"]
[White "Moreby, James"]
[Black "Adair, James R"]
[Result "1/2-1/2"]
[WhiteElo "2252"]
[BlackElo "2485"]
[PlyCount "64"]
[EventDate "2018.11.10"]
[WhiteTeam "North East England"]
[BlackTeam "White Rose 1"]

1. d4 Nf6 2. c4 e6 3. Nc3 Bb4 4. e3 O-O 5. Nge2 d5 6. a3 Be7 7. cxd5 exd5 8.
Nf4 c6 9. Bd3 Re8 10. O-O Bd6 11. f3 Bxf4 12. exf4 b6 13. f5 Ba6 14. g4 Nfd7
15. Bf4 Bxd3 16. Qxd3 b5 17. Rae1 Rxe1 18. Rxe1 Nb6 19. Bc7 Qc8 20. Bxb6 axb6
21. Re7 Qd8 22. Qe3 Nd7 23. g5 Kf8 24. f6 gxf6 25. gxf6 Nxf6 26. Rb7 Ng8 27.
Qf4 Qf6 28. Qxf6 Nxf6 29. Rxb6 Rc8 30. Nxb5 cxb5 31. Rxf6 Rc2 32. Rd6 Ke8
1/2-1/2

[Event "4NCL Division 1a"]
[Site "Daventry, ENG"]
[Date "2018.11.10"]
[Round "1.44"]
[White "Camacho Collados, Jose"]
[Black "Taylor, Adam A"]
[Result "1-0"]
[WhiteElo "2401"]
[BlackElo "2222"]
[PlyCount "133"]
[EventDate "2018.11.10"]
[WhiteTeam "White Rose 1"]
[BlackTeam "North East England"]

1. e4 c5 2. Nf3 Nc6 3. Bb5 e6 4. b3 Nge7 5. Bb2 a6 6. Bxc6 Nxc6 7. O-O Qc7 8.
a4 b6 9. d4 cxd4 10. Nxd4 Bd6 11. Nf3 O-O 12. Re1 Bb7 13. e5 Be7 14. Ba3 f6 15.
Bd6 Bxd6 16. exd6 Qd8 17. Na3 Rc8 18. Qd2 g5 19. Rad1 Rf7 20. c4 Rg7 21. Nb1
Qe8 22. Nc3 Qg6 23. Qe3 g4 24. Nh4 Qg5 25. Qxb6 Qxh4 26. Qxb7 Rf8 27. Ne4 f5
28. Nc5 Nd8 29. Qb6 f4 30. Ne4 f3 31. Qc5 Rf5 32. Qd4 Rg6 33. Ng3 Rfg5 34. gxf3
Rh6 35. f4 Rg7 36. Qe4 Qxh2+ 37. Kf1 Rf6 38. Qg2 Qh6 39. f5 Rgf7 40. Rd4 exf5
41. Re8+ Rf8 42. Rxf8+ Rxf8 43. Qd5+ Ne6 44. Kg1 f4 45. Nh5 Rf7 46. Re4 Qf8 47.
c5 Rf5 48. Re5 Rxe5 49. Qxe5 Qf7 50. b4 h6 51. b5 axb5 52. axb5 Ng5 53. Nf6+
Kf8 54. Qf5 Kg7 55. c6 dxc6 56. d7 Qe7 57. Nh5+ Kg8 58. Qg6+ Kf8 59. Qxh6+ Kf7
60. Qg7+ Ke6 61. bxc6 Nf3+ 62. Kg2 Ne5 63. Nxf4+ Kd6 64. Qxe5+ Qxe5 65. d8=Q+
Kxc6 66. Qc8+ Kb5 67. Qxg4 1-0

[Event "4NCL Division 1a"]
[Site "Daventry, ENG"]
[Date "2018.11.10"]
[Round "1.45"]
[White "Dargan, Paul A G"]
[Black "Chow, Samuel"]
[Result "0-1"]
[WhiteElo "2207"]
[BlackElo "2326"]
[PlyCount "66"]
[EventDate "2018.11.10"]
[WhiteTeam "North East England"]
[BlackTeam "White Rose 1"]

1. e4 e6 2. d4 d5 3. Nd2 Nf6 4. e5 Nfd7 5. c3 c5 6. Bd3 Nc6 7. Ne2 cxd4 8. cxd4
f6 9. exf6 Qxf6 10. O-O Bd6 11. Nf3 h6 12. Ng3 O-O 13. Bc2 Rf7 14. Be3 Nf8 15.
Qd2 Rc7 16. Nh5 Qf7 17. Bf4 e5 18. dxe5 Bb4 19. e6 Qxh5 20. Qd3 Re7 21. a3 Ba5
22. Bd6 Rxe6 23. Bxf8 Kxf8 24. Qh7 Kf7 25. Rad1 Rf6 26. Bb3 Be6 27. Rd3 Rd8 28.
Rfd1 Rg6 29. Bc2 Rxg2+ 30. Kxg2 Bf5 31. Rxd5 Qg4+ 32. Kf1 Bxh7 33. Rxd8 Bxd8
0-1

[Event "4NCL Division 1a"]
[Site "Daventry, ENG"]
[Date "2018.11.10"]
[Round "1.46"]
[White "Townsend, M Paul"]
[Black "Coathup, Roger H"]
[Result "1-0"]
[WhiteElo "2240"]
[BlackElo "2162"]
[PlyCount "109"]
[EventDate "2018.11.10"]
[WhiteTeam "White Rose 1"]
[BlackTeam "North East England"]

1. d4 Nf6 2. c4 g6 3. Nc3 Bg7 4. e4 d6 5. Nf3 O-O 6. Be2 c6 7. O-O e5 8. d5 Na6
9. Bg5 h6 10. Bh4 c5 11. Nd2 Nc7 12. a3 Qe8 13. b4 b6 14. Rb1 h5 15. bxc5 bxc5
16. f3 Nh7 17. Qe1 Bh6 18. Nb5 Nxb5 19. cxb5 Be3+ 20. Kh1 Bxd2 21. Qxd2 f5 22.
a4 f4 23. a5 g5 24. Bf2 Rf7 25. b6 axb6 26. Rxb6 Qd8 27. Rfb1 Rfa7 28. Be1 Nf6
29. Qb2 Qe7 30. Rb8 Nd7 31. Rxa8 Rxa8 32. Bb5 Qd8 33. Qa2 Qc7 34. Bc6 Rb8 35.
h3 Rxb1 36. Qxb1 g4 37. Qb5 gxh3 38. gxh3 Qa7 39. Qf1 Nb8 40. Qg2+ Kh7 41. Be8
Qg7 42. Bxh5 Na6 43. Qxg7+ Kxg7 44. Bg4 Bb7 45. Bd7 Nb4 46. Bb5 Na6 47. Kg2 Nc7
48. Ba4 Ba6 49. Bh4 Kf7 50. Kf2 Bc8 51. Bd8 Na6 52. Bb5 Nb4 53. h4 Bb7 54. h5
Nxd5 55. Bc4 1-0